Представление документа в формате RUSMARC

ПолеНазваниеЗначение
  Тип записи c
  Библиографический уровень m
001 Контрольный номер RU/IS/BASE/468587686
005 Дата корректировки 20251210101519.9
010 Индекс ISBN __
9 Тираж 20000 экз.
013 Номер (ISMN) __
d Цена 55 к.
071 Издательские номер (звукозапись и ноты) 21
a Номер, присвоенный агентством 8537
100 Данные общей обработки __
a Данные общей обработки 20141106d1989 u y0rusy0189||||ca
101 Язык документа 0_
a Язык текста rus
f Язык титульного листа rus
102 Страна публикации __
a Страна публикации RU
105 Кодированные данные (монография) __
a Кодированные данные (монография) y###||||000|y
125 Кодированные данные звукозаписи и нотных изданий __
a Форма изложения нотного текста с|
128 Кодированные данные (звукозаписи-физические характеристики) __
a Кодированные данные: Музыкальная форма и тональность или лад zz
c Инструменты или голоса, рекомендуемые для солистов (устаревшее) kt||
200 Заглавие и сведения об ответственности 1_
a Заглавие Вып. 60
e Сведения, относящиеся к заглавию пьесы для 1-3 кл.
f Первые сведения об ответственности сост. Ф. Бушуев
210 Выходные данные 1_
d Дата издания 1989
215 Физическое описание __
a Объем 32 c.
327 Примечание о содержании 11
a Примечание о содержании Содерж. : Кабалевский Д. Свет и тень. - Мурадели В. Русская плясовая. - Филиппенко А. Мы на луг ходили. - Качурбина М. Мишка с куклой танцуют полечку. - Бушуев Ф. Две пьесы : Грустная история ; Веселый лучик. - Куканов В. Гармошка. - Савелов В. Грустная песенка. - Сариев В. Мазурка. - Акимов К. Ноктюрн. - Бухвостов В. Пионерский праздник. - Павин С. Синеглазка : полька. - Глинка М. Гуде вiтер вельми в полi. - Ребиков В. Медведь. - Чайковский П. Песня Леля из музыки к спектаклю "Снегурочка". - Ребиков В. Травка зеленеет. - Алябьев А. Романс ; Из котильона. - Гречанинов А. Колыбельная из Детского альбома. - Бетховен Л. Два немецких танца. - Шуберт Ф. Вальс. - Бах Ф. Э. Фантазия. - Полянка : рус. нар. песня. - Там, пiд лiсом : укр. нар. песня / обраб. В. Платонова. - Перепелочка : белорус. нар. песня / обраб. А. Эшпая. - Вечер настал : азерб. нар. песня / обраб. У. Гаджибекова. - Аниса : татар. плясовая.
461 Уровень набора _0
1 001RU/УОНБ/EK_N/458142235
1 200
a Баян в музыкальной школе
b [Ноты]
v Вып. 60
1 210
a М.
c Советский композитор
d 1969 -
464 Аналитический уровень _0
1 2001
a Свет и тень
1 700 1
a Кабалевский
b Д.
464 Аналитический уровень _0
1 2001
a Русская плясовая
1 700 1
a Мурадели
b B.
464 Аналитический уровень _0
1 2001
a Мы на луг ходили
1 700 1
a Филиппенко
b А.
464 Аналитический уровень _0
1 2001
a Мишка с куклой танцуют полечку
1 700 1
a Качурбина
b М.
464 Аналитический уровень _0
1 2001
a Грустная история
1 700 1
a Бушуев
b Ф.
464 Аналитический уровень _0
1 2001
a Веселый лучик
1 700 1
a Бушуев
b Ф.
464 Аналитический уровень _0
1 2001
a Гармошка
1 700 1
a Куканов
b В.
464 Аналитический уровень _0
1 2001
a Грустная песенка
1 700 1
a Савелов
b В.
464 Аналитический уровень _0
1 2001
a Мазурка
1 700 1
a Сариев
b В.
464 Аналитический уровень _0
1 2001
a Ноктюрн
1 700 1
a Акимов
b К.
464 Аналитический уровень _0
1 2001
a Пионерский праздник
1 700 1
a Бухвостов
b В.
464 Аналитический уровень _0
1 2001
a Синеглазка
e полька
1 700 1
a Павин
b С.
464 Аналитический уровень _0
1 2001
a Гуде вiтер вельми в полi
1 700 1
a Глинка
b М.
464 Аналитический уровень _0
1 2001
a Медведь
1 700 1
a Ребиков
b В.
464 Аналитический уровень _0
1 2001
a Песня Леля из музыки к спектаклю "Снегурочка"
1 700 1
a Чайковский
b П.
1 50010
a Снегурочка
464 Аналитический уровень _0
1 2001
a Травка зеленеет
1 700 1
a Ребиков
b В.
464 Аналитический уровень _0
1 2001
a Романс
1 700 1
a Алябьев
b А.
464 Аналитический уровень _0
1 2001
a Колыбельная из Детского альбома
1 700 1
a Гречанинов
b А.
1 50010
a Детский альбом
464 Аналитический уровень _0
1 2001
a Из котильона
1 700 1
a Алябьев
b А.
464 Аналитический уровень _0
1 2001
a Два немецких танца
1 700 1
a Бетховен
b Л.
1 50010
a Немецкие танцы
464 Аналитический уровень _0
1 2001
a Фантазия
1 700 1
a Бах
b Ф. Э.
464 Аналитический уровень _0
1 2001
a Полянка
e рус. нар. песня
464 Аналитический уровень _0
1 2001
a Там, пiд лiсом
e укр. нар. песня
1 702 1
a Платонов
b В.
4 030
464 Аналитический уровень _0
1 2001
a Перепелочка
e белорус. нар. песня
1 702 1
a Эшпай
b А.
4 030
464 Аналитический уровень _0
1 2001
a Вечер настал
e азерб. нар. песня
1 702 1
a Гаджибеков
b У.
4 030
464 Аналитический уровень _0
1 2001
a Аниса
e татар. плясовая
512 Заглавие обложки 1_
a Заглавие обложки Баян в музыкальной школе
606 Тематические рубрики 0_
a Основная рубрика Баян
x Основная подрубрика Педагогический репертуар ДМШ
610 Ключевые слова 0_
a Ключевые слова баян
610 Ключевые слова 0_
a Ключевые слова педагогический репертуар ДМШ
686 Индексы других классификаций __
a Классификационный индекс 85.954.698я43
2 Код системы rubbk
702 Вторичная интеллектуальная ответственность _1
a Фамилия Бушуев
b Имя (инициалы) Ф.
4 Код отношения 220
801 Источник записи _0
a Страна RU
b Организация Ульяновская ОНБ
c Дата составления 20141106
g Правила каталогизации RCR
801 Источник записи _1
a Страна RU
b Организация IS
c Дата составления 20141106
g Правила каталогизации RCR
901 Тип документа __
t Тип документа n
w Контрольный № источника RU/УОНБ/EK_N/458142235
909 Создатель записи __
a Создатель записи Никитина Т. А.
910 Корректоры записи __
a Корректор записи Васина
938 Служебная информация __
a Имя БД noti
b Имя библиотеки УОНБ
c Имя АИБС МАРК-SQL
d Номер DOC_ID в БД 12616